000 00485nmm a2200157Ia 4500
008 251105s9999||||xx |||||||||||||||||und||
020 _a9789561414921
041 _aspa
100 _aBernasconi, Andrés
245 0 _aLa educación superior de Chile : transformación, desarrollo y crisis
264 _a[Santiago de Chile, Chile] :
_bEdiciones UC,
_c2015
300 _a632 páginas
650 _aEducation
856 _uhttps://public.digitaliapublishing.com/a/38251
942 _cCF
999 _c94184
_d94184